Normal view MARC view
  • Deshpande Ttiveni - 2k151072; Dr. Sonali Parchure - Guide & [Company Name] - Definedge Solutions

Entry Personal Name

Number of records used in: 1

001 - CONTROL NUMBER

  • control field: 104313

003 - CONTROL NUMBER IDENTIFIER

  • control field: OSt

005 - DATE AND TIME OF LATEST TRANSACTION

  • control field: 20221007220906.0

008 - FIXED-LENGTH DATA ELEMENTS

  • fixed length control field: 221007|| aca||aabn | a|a d

040 ## - CATALOGING SOURCE

  • Original cataloging agency: OSt
  • Transcribing agency: OSt

100 ## - HEADING--PERSONAL NAME

  • Personal name: Deshpande Ttiveni - 2k151072; Dr. Sonali Parchure - Guide & [Company Name] - Definedge Solutions

670 ## - SOURCE DATA FOUND

  • Source citation: Work cat.: (OSt)76653: Deshpande Ttiveni - 2k151072; Dr. Sonali Parchure - Guide & [Company Name] - Definedge Solutions, Technical Analysis of Stocks in different Sectors of Indian Stock Market, 2016